All IBA Official Cocktails - Statistics

General Stats
  • This quiz has been taken 722 times
  • The average score is 27 of 90
Answer Stats
Category Cocktail % Correct
The Unforgettables Old Fashioned
77%
The Unforgettables Manhattan
75%
Contemporary Classics Margarita
71%
Contemporary Classics Cosmopolitan
70%
Contemporary Classics Mojito
69%
The Unforgettables Negroni
63%
Contemporary Classics Sex on the Beach
63%
Contemporary Classics Moscow Mule
58%
Contemporary Classics Pina Colada
58%
The Unforgettables Whiskey Sour
58%
Contemporary Classics Bloody Mary
54%
The Unforgettables Daiquiri
51%
New Era Drinks Espresso Martini
51%
Contemporary Classics Tequila Sunrise
51%
Contemporary Classics Black Russian
48%
The Unforgettables Dry Martini
48%
Contemporary Classics Long Island Ice Tea
47%
Contemporary Classics Mai-Tai
47%
The Unforgettables Sidecar
47%
Contemporary Classics Mimosa
45%
Contemporary Classics Cuba Libre
39%
The Unforgettables Gin Fizz
37%
Contemporary Classics Bellini
36%
Contemporary Classics Caipirinha
36%
The Unforgettables Americano
35%
Contemporary Classics Zombie
34%
Contemporary Classics French 75
33%
Contemporary Classics Irish Coffee
33%
Contemporary Classics Mint Julep
33%
The Unforgettables Aviation
32%
The Unforgettables Boulevardier
32%
New Era Drinks Paloma
31%
The Unforgettables Rusty Nail
31%
The Unforgettables Sazerac
31%
New Era Drinks Spritz
30%
Contemporary Classics Grasshopper
29%
Contemporary Classics Singapore Sling
29%
The Unforgettables John Collins
28%
Contemporary Classics Vesper
28%
Contemporary Classics Pisco Sour
27%
The Unforgettables Alexander
26%
New Era Drinks Dark 'n' stormy
26%
Contemporary Classics KIR
26%
The Unforgettables Last word
25%
The Unforgettables White Lady
25%
New Era Drinks Bee's Knees
24%
New Era Drinks French Martini
24%
The Unforgettables Martinez
24%
The Unforgettables Clover Club
23%
The Unforgettables Angel Face
22%
New Era Drinks Bramble
22%
Contemporary Classics Champagne Cocktail
22%
New Era Drinks Paper Plane
22%
Contemporary Classics Sea Breeze
22%
The Unforgettables Vieux Carrè
22%
The Unforgettables Between the Sheets
21%
New Era Drinks Penicillin
21%
New Era Drinks New York Sour
21%
Contemporary Classics Corpse Reviver #2
20%
New Era Drinks Lemon drop Martini
19%
The Unforgettables Tuxedo
19%
The Unforgettables Brandy Crusta
18%
The Unforgettables Hanky Panky
18%
The Unforgettables Mary Pickford
18%
The Unforgettables Planter's Punch
18%
New Era Drinks Tommy's Margarita
18%
The Unforgettables Casino
17%
Contemporary Classics French Connection
17%
Contemporary Classics Horse's Neck
17%
New Era Drinks Naked and Famous
17%
The Unforgettables Ramos fizz
17%
The Unforgettables Stinger
17%
New Era Drinks Trinidad Sour
17%
Contemporary Classics Hemingway Special
16%
The Unforgettables Monkey Gland
16%
New Era Drinks VE.N.TO
16%
New Era Drinks Yellow Bird
16%
New Era Drinks Old Cuban
15%
New Era Drinks Barracuda
14%
The Unforgettables Paradise
14%
Contemporary Classics Golden Dream
13%
New Era Drinks Illegal
13%
The Unforgettables Porto Flip
13%
New Era Drinks Russian Spring Punch
12%
New Era Drinks Southside
12%
New Era Drinks Suffering Bastard
10%
New Era Drinks Canchanchara
9%
New Era Drinks Fernandito
9%
New Era Drinks Spicy Fifty
9%
New Era Drinks Tipperary
9%
No matching quizzes found
Score Distribution
Percent of People with Each Score
Percentile by Number Answered
Your Score History
You have not taken this quiz